[Event "Deutsche Ländermeisterschaft 2022"]
[Site "Wiesbaden GER"]
[Date "2022.10.04"]
[Round "7"]
[White "Wylie, Leonard"]
[Black "Köpnick, Amanda"]
[Result "0-1"]
[Termination "normal"]
[Board "6.6"]
[WhiteElo "1721"]
[BlackElo "1244"]
[WhiteClock "00:46:45"]
[BlackClock "00:01:22"]
[WhiteTeam "Württemberg"]
[BlackTeam "Mecklenburg-Vorpommern"]
[PlyCount "116"]
[WhiteFideId "479616"]
[BlackFideId "34618538"]
[EventCountry "GER"]
[EventRounds "7"]
[EventType "team-swiss"]
[EventDate "2022.09.30"]

1. e4 {[%clk 1:30:58]} e5 {[%clk 1:30:47]} 2. Nf3 {[%clk 1:31:16]} Nc6 {[%clk
1:31:00]} 3. d4 {[%clk 1:31:32]} exd4 {[%clk 1:30:48]} 4. Nxd4 {[%clk 1:31:55]}
Nf6 {[%clk 1:27:40]} 5. Nc3 {[%clk 1:32:17]} Bb4 {[%clk 1:27:05]} 6. Nxc6
{[%clk 1:32:26]} bxc6 {[%clk 1:25:43]} 7. Bd3 {[%clk 1:29:07]} h6 {[%clk
1:24:42]} 8. O-O {[%clk 1:28:49]} d6 {[%clk 1:22:54]} 9. h3 {[%clk 1:27:05]}
O-O {[%clk 1:22:57]} 10. Qf3 {[%clk 1:26:56]} Nh7 {[%clk 1:13:13]} 11. Qg3
{[%clk 1:24:07]} Qf6 {[%clk 1:11:36]} 12. Ne2 {[%clk 1:22:14]} Bc5 {[%clk
1:05:24]} 13. Rb1 {[%clk 1:19:07]} Qg6 {[%clk 1:02:13]} 14. Qxg6 {[%clk
1:14:52]} fxg6 {[%clk 1:02:16]} 15. Bc4+ {[%clk 1:14:17]} Kh8 {[%clk 1:02:22]}
16. b4 {[%clk 1:14:20]} Rb8 {[%clk 0:59:13]} 17. Bd2 {[%clk 1:10:34]} Bb6
{[%clk 0:58:13]} 18. Nf4 {[%clk 1:06:32]} Rf6 {[%clk 0:55:42]} 19. Rb3 {[%clk
1:02:32]} Ng5 {[%clk 0:53:50]} 20. Bd3 {[%clk 0:59:35]} Ne6 {[%clk 0:51:32]}
21. Nxe6 {[%clk 0:58:37]} Bxe6 {[%clk 0:51:29]} 22. Rb2 {[%clk 0:57:24]} Rbf8
{[%clk 0:50:11]} 23. Be1 {[%clk 0:57:07]} c5 {[%clk 0:44:17]} 24. b5 {[%clk
0:49:08]} c4 {[%clk 0:42:48]} 25. Be2 {[%clk 0:47:57]} Rf4 {[%clk 0:41:32]} 26.
Bf3 {[%clk 0:44:49]} Rxf3 {[%clk 0:36:18]} 27. gxf3 {[%clk 0:44:39]} Bxh3
{[%clk 0:34:45]} 28. Rb4 {[%clk 0:44:31]} Bxf1 {[%clk 0:31:51]} 29. Kxf1 {[%clk
0:44:52]} Rxf3 {[%clk 0:31:45]} 30. c3 {[%clk 0:44:33]} g5 {[%clk 0:30:36]} 31.
Kg2 {[%clk 0:43:54]} Rf4 {[%clk 0:26:13]} 32. f3 {[%clk 0:39:44]} g4 {[%clk
0:25:16]} 33. Kg3 {[%clk 0:39:36]} Rxf3+ {[%clk 0:23:45]} 34. Kxg4 {[%clk
0:39:30]} Re3 {[%clk 0:23:13]} 35. Bf2 {[%clk 0:39:27]} Rxc3 {[%clk 0:21:17]}
36. Bxb6 {[%clk 0:39:20]} axb6 {[%clk 0:18:54]} 37. Kf5 {[%clk 0:39:29]} Rf3+
{[%clk 0:13:31]} 38. Kg4 {[%clk 0:39:35]} Rf7 {[%clk 0:13:28]} 39. Rxc4 {[%clk
0:39:54]} Kh7 {[%clk 0:12:48]} 40. Ra4 {[%clk 0:39:41]} Kg6 {[%clk 0:12:17]}
41. Ra7 {[%clk 0:39:54]} h5+ {[%clk 0:11:15]} 42. Kg3 {[%clk 0:40:16]} Kg5
{[%clk 0:10:35]} 43. a4 {[%clk 0:40:31]} h4+ {[%clk 0:09:38]} 44. Kg2 {[%clk
0:40:56]} Kg4 {[%clk 0:08:53]} 45. Ra8 {[%clk 0:40:47]} h3+ {[%clk 0:08:25]}
46. Kg1 {[%clk 0:41:09]} g5 {[%clk 0:02:54]} 47. Rg8 {[%clk 0:41:19]} Rh7
{[%clk 0:02:40]} 48. e5 {[%clk 0:41:35]} dxe5 {[%clk 0:01:35]} 49. a5 {[%clk
0:41:43]} bxa5 {[%clk 0:01:06]} 50. b6 {[%clk 0:42:07]} cxb6 {[%clk 0:00:46]}
51. Rf8 {[%clk 0:42:26]} Ra7 {[%clk 0:00:33]} 52. Rf1 {[%clk 0:42:45]} a4
{[%clk 0:00:38]} 53. Kh1 {[%clk 0:43:07]} a3 {[%clk 0:00:51]} 54. Kh2 {[%clk
0:43:25]} a2 {[%clk 0:01:00]} 55. Kg1 {[%clk 0:43:50]} Kh4 {[%clk 0:00:52]} 56.
Kh1 {[%clk 0:44:13]} a1=Q {[%clk 0:01:05]} 57. Kh2 {[%clk 0:46:27]} Qb2+ {[%clk
0:01:00]} 58. Kh1 {[%clk 0:46:45]} Qg2# {[%clk 0:01:22]} 0-1

[Event "Deutsche Ländermeisterschaft 2022"]
[Site "Wiesbaden GER"]
[Date "2022.10.04"]
[Round "7"]
[White "Gavrylyuk, Oleksandr"]
[Black "Dohon, Maria-Johanna"]
[Result "0-1"]
[Termination "normal"]
[Board "6.7"]
[WhiteElo "1263"]
[BlackElo "1430"]
[WhiteClock "00:07:18"]
[BlackClock "00:03:37"]
[WhiteTeam "Mecklenburg-Vorpommern"]
[BlackTeam "Württemberg"]
[PlyCount "76"]
[WhiteFideId "34609083"]
[BlackFideId "34600957"]
[EventCountry "GER"]
[EventRounds "7"]
[EventType "team-swiss"]
[EventDate "2022.09.30"]

1. e4 {[%clk 1:30:57]} c5 {[%clk 1:30:52]} 2. Nf3 {[%clk 1:31:19]} d6 {[%clk
1:31:15]} 3. d4 {[%clk 1:31:41]} cxd4 {[%clk 1:31:41]} 4. Nxd4 {[%clk 1:32:01]}
Nf6 {[%clk 1:32:05]} 5. Nc3 {[%clk 1:32:23]} Nc6 {[%clk 1:32:28]} 6. Be3 {[%clk
1:32:45]} Ng4 {[%clk 1:32:22]} 7. Bg5 {[%clk 1:31:53]} Qb6 {[%clk 1:25:20]} 8.
Be3 {[%clk 1:23:47]} Nxe3 {[%clk 1:18:04]} 9. fxe3 {[%clk 1:24:09]} a6 {[%clk
1:07:52]} 10. Bc4 {[%clk 1:18:59]} e6 {[%clk 1:02:27]} 11. a3 {[%clk 0:58:35]}
Ne5 {[%clk 0:49:29]} 12. Bb3 {[%clk 0:57:38]} Be7 {[%clk 0:48:56]} 13. O-O
{[%clk 0:54:33]} O-O {[%clk 0:47:56]} 14. Qd2 {[%clk 0:48:06]} Bd7 15. Rae1
{[%clk 0:45:08]} Rac8 {[%clk 0:45:19]} 16. Nf3 {[%clk 0:39:03]} Ng6 {[%clk
0:40:30]} 17. Qd4 {[%clk 0:35:48]} Qc7 {[%clk 0:34:52]} 18. Rd1 {[%clk
0:33:18]} Rcd8 {[%clk 0:32:26]} 19. Ne2 {[%clk 0:29:05]} Bc6 {[%clk 0:30:01]}
20. Ng3 {[%clk 0:25:37]} Bf6 {[%clk 0:26:50]} 21. Qd3 {[%clk 0:20:21]} d5
{[%clk 0:20:13]} 22. exd5 {[%clk 0:19:50]} Bxd5 {[%clk 0:19:50]} 23. Bxd5
{[%clk 0:19:53]} Rxd5 {[%clk 0:20:05]} 24. Qb3 {[%clk 0:18:23]} Rfd8 {[%clk
0:17:29]} 25. c3 {[%clk 0:17:20]} b5 {[%clk 0:16:31]} 26. Qc2 {[%clk 0:15:37]}
h6 {[%clk 0:13:12]} 27. Rxd5 {[%clk 0:14:46]} Rxd5 {[%clk 0:13:39]} 28. Ne4
{[%clk 0:13:22]} Be7 {[%clk 0:13:00]} 29. Rd1 {[%clk 0:13:23]} Qd7 {[%clk
0:11:18]} 30. Rxd5 {[%clk 0:12:23]} Qxd5 {[%clk 0:11:02]} 31. Nf2 {[%clk
0:10:27]} Bc5 {[%clk 0:08:55]} 32. Nd4 {[%clk 0:08:57]} Qg5 {[%clk 0:07:45]}
33. Ne4 {[%clk 0:08:42]} Qxe3+ {[%clk 0:07:55]} 34. Kf1 {[%clk 0:07:34]} Bxd4
{[%clk 0:06:49]} 35. cxd4 {[%clk 0:07:55]} Qxd4 {[%clk 0:06:12]} 36. Nc5 {[%clk
0:07:28]} Qf4+ {[%clk 0:05:31]} 37. Qf2 {[%clk 0:07:35]} Qc1+ {[%clk 0:04:42]}
38. Ke2 {[%clk 0:07:18]} Qxb2+ {[%clk 0:03:37]} 0-1

[Event "Deutsche Ländermeisterschaft 2022"]
[Site "Wiesbaden GER"]
[Date "2022.10.04"]
[Round "7"]
[White "Vasylenko, Nadeja"]
[Black "Chandrasekher, Ritu"]
[Result "1-0"]
[Termination "normal"]
[Board "6.8"]
[WhiteElo "1261"]
[BlackElo "1262"]
[WhiteClock "01:11:05"]
[BlackClock "01:11:50"]
[WhiteTeam "Württemberg"]
[BlackTeam "Mecklenburg-Vorpommern"]
[PlyCount "109"]
[WhiteFideId "34161457"]
[BlackFideId "34609024"]
[EventCountry "GER"]
[EventRounds "7"]
[EventType "team-swiss"]
[EventDate "2022.09.30"]

1. e4 {[%clk 1:30:58]} e5 2. Nf3 Nc6 {[%clk 1:30:29]} 3. d4 {[%clk 1:31:11]}
exd4 {[%clk 1:30:48]} 4. Nxd4 {[%clk 1:31:37]} Bc5 {[%clk 1:31:04]} 5. Nb3
{[%clk 1:32:02]} Bb6 {[%clk 1:31:17]} 6. Nc3 {[%clk 1:32:24]} Qf6 {[%clk
1:30:42]} 7. Qe2 {[%clk 1:28:13]} Nge7 {[%clk 1:29:55]} 8. Nb5 {[%clk 1:25:46]}
a6 {[%clk 1:28:31]} 9. Nc3 {[%clk 1:25:39]} O-O {[%clk 1:27:59]} 10. Be3 {[%clk
1:25:32]} Bxe3 {[%clk 1:27:59]} 11. Qxe3 {[%clk 1:25:32]} d6 {[%clk 1:27:59]}
12. O-O-O {[%clk 1:25:32]} Ne5 {[%clk 1:27:59]} 13. Kb1 {[%clk 1:25:32]} Ng4
{[%clk 1:27:59]} 14. Qd4 {[%clk 1:25:32]} Qxf2 {[%clk 1:27:59]} 15. h3 {[%clk
1:25:32]} Qxd4 {[%clk 1:27:59]} 16. Rxd4 {[%clk 1:25:32]} Ne5 {[%clk 1:16:22]}
17. g4 {[%clk 1:10:23]} N7c6 {[%clk 1:14:35]} 18. Rd1 {[%clk 1:09:32]} Re8
{[%clk 1:13:43]} 19. Nd5 {[%clk 1:08:06]} Rd8 {[%clk 1:12:02]} 20. Nxc7 Ne7
{[%clk 1:11:34]} 21. Nxa8 {[%clk 1:04:20]} b5 {[%clk 1:11:13]} 22. Nb6 {[%clk
1:03:54]} Bb7 {[%clk 1:10:59]} 23. Nd5 {[%clk 1:04:12]} N7c6 {[%clk 1:10:30]}
24. Bg2 {[%clk 1:03:10]} a5 {[%clk 1:10:10]} 25. Nd4 {[%clk 1:03:08]} b4 {[%clk
1:08:22]} 26. Nxc6 {[%clk 1:02:40]} Bxc6 {[%clk 1:08:19]} 27. Ne7+ {[%clk
1:02:57]} Kf8 {[%clk 1:08:15]} 28. Nxc6 {[%clk 1:03:22]} Nxc6 {[%clk 1:08:34]}
29. Rhe1 {[%clk 1:03:17]} Ne5 {[%clk 1:08:20]} 30. Rd5 {[%clk 1:03:17]} Nc6
{[%clk 1:08:25]} 31. e5 {[%clk 1:03:35]} Re8 {[%clk 1:07:37]} 32. Rxd6 {[%clk
1:03:24]} Nxe5 {[%clk 1:07:48]} 33. Bc6 {[%clk 1:03:18]} Nxc6 {[%clk 1:07:23]}
34. Rxe8+ {[%clk 1:03:42]} Kxe8 {[%clk 1:07:42]} 35. Rxc6 {[%clk 1:04:08]} Ke7
{[%clk 1:07:41]} 36. c3 {[%clk 1:04:20]} Kd7 {[%clk 1:07:55]} 37. Ra6 {[%clk
1:04:40]} bxc3 {[%clk 1:08:09]} 38. bxc3 {[%clk 1:05:03]} g6 {[%clk 1:08:16]}
39. c4 {[%clk 1:05:29]} f5 {[%clk 1:08:21]} 40. gxf5 {[%clk 1:05:53]} gxf5
{[%clk 1:08:42]} 41. Rf6 {[%clk 1:06:13]} a4 {[%clk 1:08:59]} 42. c5 {[%clk
1:06:37]} Kc7 {[%clk 1:08:57]} 43. Kc2 {[%clk 1:06:52]} Kd7 {[%clk 1:08:56]}
44. Kc3 {[%clk 1:07:15]} Ke7 {[%clk 1:09:21]} 45. Rxf5 {[%clk 1:07:40]} Kd7
{[%clk 1:09:28]} 46. Rf6 {[%clk 1:08:05]} Ke7 {[%clk 1:09:48]} 47. Rd6 {[%clk
1:08:29]} h5 {[%clk 1:09:57]} 48. Kc4 {[%clk 1:08:56]} a3 {[%clk 1:10:17]} 49.
Kd5 {[%clk 1:09:23]} h4 {[%clk 1:10:36]} 50. c6 {[%clk 1:09:49]} Kf7 {[%clk
1:10:59]} 51. c7 {[%clk 1:10:13]} Ke7 {[%clk 1:10:57]} 52. c8=R {[%clk
1:09:46]} Kf7 {[%clk 1:11:04]} 53. Rc7+ {[%clk 1:10:12]} Ke8 {[%clk 1:11:26]}
54. Ke6 {[%clk 1:10:38]} Kf8 {[%clk 1:11:50]} 55. Rd8# {[%clk 1:11:05]} 1-0

[Event "Deutsche Ländermeisterschaft 2022"]
[Site "Wiesbaden GER"]
[Date "2022.10.04"]
[Round "7"]
[White "Holinka, Henning"]
[Black "Jeschke, Jan"]
[Result "1-0"]
[Termination "normal"]
[Board "7.1"]
[WhiteElo "2245"]
[BlackElo "2146"]
[WhiteClock "00:27:45"]
[BlackClock "00:35:28"]
[WhiteTeam "Hamburg"]
[BlackTeam "Saarland"]
[PlyCount "97"]
[WhiteFideId "12967084"]
[BlackFideId "16225430"]
[EventCountry "GER"]
[EventRounds "7"]
[EventType "team-swiss"]
[EventDate "2022.09.30"]

1. e4 {[%clk 1:30:57]} c5 {[%clk 1:30:38]} 2. Nf3 {[%clk 1:30:57]} d6 {[%clk
1:30:55]} 3. d4 {[%clk 1:31:20]} cxd4 {[%clk 1:31:21]} 4. Nxd4 {[%clk 1:31:46]}
Nf6 {[%clk 1:31:46]} 5. Nc3 {[%clk 1:32:12]} a6 {[%clk 1:31:50]} 6. f3 {[%clk
1:32:20]} e5 {[%clk 1:31:51]} 7. Nb3 {[%clk 1:32:10]} Be6 {[%clk 1:31:48]} 8.
Be3 {[%clk 1:32:15]} Be7 {[%clk 1:31:07]} 9. Qd2 {[%clk 1:32:23]} h5 {[%clk
1:31:26]} 10. Be2 {[%clk 1:32:39]} Nbd7 {[%clk 1:31:22]} 11. Nd5 {[%clk
1:32:17]} Bxd5 {[%clk 1:30:20]} 12. exd5 {[%clk 1:32:39]} Qc7 {[%clk 1:30:04]}
13. Rc1 {[%clk 1:30:27]} a5 {[%clk 1:29:45]} 14. O-O {[%clk 1:16:47]} h4 {[%clk
1:25:11]} 15. c4 {[%clk 1:02:58]} O-O {[%clk 1:21:48]} 16. Rfd1 {[%clk
1:01:03]} a4 {[%clk 1:21:51]} 17. Na1 {[%clk 1:01:24]} e4 {[%clk 1:11:08]} 18.
f4 {[%clk 0:59:14]} Nc5 {[%clk 1:10:34]} 19. Nc2 {[%clk 0:56:35]} Rfe8 {[%clk
1:09:54]} 20. Nd4 {[%clk 0:55:31]} Qd7 {[%clk 1:06:38]} 21. b4 {[%clk 0:40:05]}
axb3 {[%clk 1:05:05]} 22. axb3 {[%clk 0:39:11]} h3 {[%clk 1:03:54]} 23. b4
{[%clk 0:29:45]} Nd3 {[%clk 1:04:00]} 24. Bxd3 {[%clk 0:21:23]} exd3 {[%clk
1:03:29]} 25. Qxd3 {[%clk 0:19:34]} Ng4 {[%clk 0:55:07]} 26. Qf5 {[%clk
0:10:28]} Qxf5 {[%clk 0:47:59]} 27. Nxf5 {[%clk 0:10:55]} Bf6 {[%clk 0:44:30]}
28. Bb6 {[%clk 0:05:13]} Ra2 {[%clk 0:34:00]} 29. gxh3 {[%clk 0:05:23]} Nxh2
{[%clk 0:33:44]} 30. Rd3 {[%clk 0:05:24]} Ree2 {[%clk 0:32:42]} 31. Kh1 {[%clk
0:04:38]} Nf1 {[%clk 0:19:42]} 32. Bg1 {[%clk 0:03:52]} Nd2 {[%clk 0:18:02]}
33. Ng3 {[%clk 0:03:29]} Re8 {[%clk 0:17:06]} 34. c5 {[%clk 0:03:31]} Rc8
{[%clk 0:14:42]} 35. c6 {[%clk 0:03:44]} Kh7 {[%clk 0:13:36]} 36. b5 {[%clk
0:03:19]} g6 37. Rxd2 {[%clk 0:01:06]} Rxd2 {[%clk 0:13:35]} 38. Ne4 {[%clk
0:01:29]} Bb2 {[%clk 0:13:37]} 39. Rb1 {[%clk 0:01:34]} Rxd5 {[%clk 0:12:52]}
40. Rxb2 {[%clk 0:00:59]} Kg7 {[%clk 0:12:45]} 41. cxb7 {[%clk 0:00:46]} Rb8
{[%clk 0:13:07]} 42. Rd2 {[%clk 0:28:20]} Rxd2 {[%clk 0:39:28]} 43. Nxd2 {[%clk
0:28:39]} Rxb7 {[%clk 0:38:54]} 44. b6 {[%clk 0:28:03]} Kf6 {[%clk 0:39:18]}
45. Nc4 {[%clk 0:27:31]} d5 {[%clk 0:35:08]} 46. Bd4+ {[%clk 0:26:53]} Ke6
{[%clk 0:35:32]} 47. Na5 {[%clk 0:27:08]} Rb8 {[%clk 0:35:29]} 48. Nc6 {[%clk
0:27:26]} Ra8 {[%clk 0:35:28]} 49. b7 {[%clk 0:27:45]} 1-0

[Event "Deutsche Ländermeisterschaft 2022"]
[Site "Wiesbaden GER"]
[Date "2022.10.04"]
[Round "7"]
[White "Chassard, Cedric"]
[Black "Hommer, Jeremy"]
[Result "1/2-1/2"]
[Termination "normal"]
[Board "7.2"]
[WhiteElo "2042"]
[BlackElo "2184"]
[WhiteClock "00:24:22"]
[BlackClock "00:30:34"]
[WhiteTeam "Saarland"]
[BlackTeam "Hamburg"]
[PlyCount "86"]
[WhiteFideId "16243536"]
[BlackFideId "12992577"]
[EventCountry "GER"]
[EventRounds "7"]
[EventType "team-swiss"]
[EventDate "2022.09.30"]

1. e4 {[%clk 1:30:57]} c6 {[%clk 1:30:53]} 2. d4 {[%clk 1:31:23]} d5 {[%clk
1:31:11]} 3. e5 {[%clk 1:31:49]} Bf5 {[%clk 1:31:32]} 4. Nf3 {[%clk 1:32:16]}
e6 {[%clk 1:31:51]} 5. Be2 {[%clk 1:32:42]} Nd7 {[%clk 1:32:11]} 6. O-O {[%clk
1:32:57]} c5 {[%clk 1:32:31]} 7. c4 {[%clk 1:30:15]} dxc4 {[%clk 1:26:34]} 8.
Na3 {[%clk 1:27:32]} cxd4 {[%clk 1:21:00]} 9. Nxc4 {[%clk 1:26:00]} b5 {[%clk
1:12:12]} 10. Nd6+ {[%clk 1:24:48]} Bxd6 {[%clk 1:12:24]} 11. exd6 {[%clk
1:25:12]} d3 {[%clk 1:08:32]} 12. Bxd3 {[%clk 1:25:24]} Bxd3 {[%clk 1:08:40]}
13. Qxd3 {[%clk 1:25:52]} a6 {[%clk 1:08:45]} 14. a4 {[%clk 1:14:10]} bxa4
{[%clk 1:05:52]} 15. Be3 {[%clk 1:13:21]} Ngf6 {[%clk 0:58:54]} 16. Rxa4 {[%clk
1:12:16]} O-O {[%clk 0:50:19]} 17. Rxa6 {[%clk 1:10:27]} Rxa6 {[%clk 0:47:03]}
18. Qxa6 {[%clk 1:10:53]} Qb8 {[%clk 0:47:09]} 19. Bd4 {[%clk 0:57:03]} Qb3
{[%clk 0:39:04]} 20. Rc1 {[%clk 0:53:51]} h6 {[%clk 0:35:47]} 21. Qc4 {[%clk
0:51:45]} Qb8 {[%clk 0:33:50]} 22. Qc7 {[%clk 0:50:28]} Qb5 {[%clk 0:32:38]}
23. Qc6 {[%clk 0:43:39]} Rb8 {[%clk 0:28:15]} 24. h3 {[%clk 0:35:13]} e5 {[%clk
0:25:13]} 25. Qxb5 {[%clk 0:34:19]} Rxb5 {[%clk 0:25:40]} 26. Rc8+ {[%clk
0:33:19]} Kh7 {[%clk 0:26:03]} 27. Bc3 {[%clk 0:33:42]} Rd5 {[%clk 0:25:08]}
28. Rc7 {[%clk 0:26:44]} e4 {[%clk 0:22:24]} 29. Nd4 {[%clk 0:16:51]} Rxd6
{[%clk 0:22:01]} 30. Kf1 {[%clk 0:14:16]} Kg6 {[%clk 0:21:23]} 31. Nc6 {[%clk
0:12:14]} Re6 {[%clk 0:15:49]} 32. Bd4 {[%clk 0:07:27]} Rd6 {[%clk 0:12:37]}
33. b4 {[%clk 0:07:02]} Kf5 {[%clk 0:11:40]} 34. b5 {[%clk 0:05:26]} Ke6 {[%clk
0:11:32]} 35. Ke2 {[%clk 0:03:46]} Kd5 {[%clk 0:05:00]} 36. Be3 {[%clk
0:02:46]} g5 {[%clk 0:03:42]} 37. Ne7+ {[%clk 0:02:25]} Ke6 {[%clk 0:03:54]}
38. Nc8 {[%clk 0:02:23]} Rd3 {[%clk 0:02:09]} 39. Rc6+ {[%clk 0:01:49]} Ke5
{[%clk 0:02:19]} 40. Nb6 {[%clk 0:00:37]} Nxb6 {[%clk 0:02:04]} 41. Bxb6 {[%clk
0:26:51]} Nd5 {[%clk 0:30:47]} 42. Bc7+ {[%clk 0:23:57]} Nxc7 {[%clk 0:30:28]}
43. Rxc7 {[%clk 0:24:22]} Rb3 {[%clk 0:30:34]} 1/2-1/2

[Event "Deutsche Ländermeisterschaft 2022"]
[Site "Wiesbaden GER"]
[Date "2022.10.04"]
[Round "7"]
[White "Popist, Florian"]
[Black "Feidt, Jonas"]
[Result "1-0"]
[Termination "normal"]
[Board "7.3"]
[WhiteElo "2187"]
[BlackElo "1908"]
[WhiteClock "00:16:12"]
[BlackClock "00:00:37"]
[WhiteTeam "Hamburg"]
[BlackTeam "Saarland"]
[PlyCount "67"]
[WhiteFideId "16203518"]
[BlackFideId "16243617"]
[EventCountry "GER"]
[EventRounds "7"]
[EventType "team-swiss"]
[EventDate "2022.09.30"]

1. e4 {[%clk 1:30:58]} c6 {[%clk 1:30:54]} 2. d4 {[%clk 1:31:23]} d5 {[%clk
1:31:18]} 3. exd5 {[%clk 1:31:47]} cxd5 {[%clk 1:31:43]} 4. Bd3 {[%clk
1:32:09]} Nc6 {[%clk 1:32:03]} 5. c3 {[%clk 1:32:34]} Qc7 {[%clk 1:32:27]} 6.
Ne2 {[%clk 1:32:07]} Bg4 {[%clk 1:32:43]} 7. O-O {[%clk 1:32:16]} Nf6 {[%clk
1:32:24]} 8. Qe1 {[%clk 1:32:05]} e6 {[%clk 1:32:23]} 9. Bg5 {[%clk 1:31:22]}
Bxe2 {[%clk 1:25:43]} 10. Qxe2 {[%clk 1:31:43]} Bd6 {[%clk 1:21:53]} 11. g3
{[%clk 1:27:56]} h6 {[%clk 1:17:29]} 12. Be3 {[%clk 1:25:51]} O-O {[%clk
1:14:32]} 13. Nd2 {[%clk 1:23:16]} e5 {[%clk 1:04:19]} 14. dxe5 {[%clk
1:18:27]} Nxe5 {[%clk 1:02:53]} 15. Nf3 {[%clk 1:18:46]} Rfe8 {[%clk 1:00:19]}
16. Nxe5 {[%clk 1:16:03]} Bxe5 {[%clk 0:55:27]} 17. Qf3 {[%clk 1:09:53]} Rad8
{[%clk 0:51:15]} 18. Rad1 {[%clk 1:02:59]} Qa5 {[%clk 0:38:27]} 19. a3 {[%clk
0:59:10]} Qa4 {[%clk 0:24:10]} 20. Rfe1 {[%clk 0:53:41]} a6 {[%clk 0:13:26]}
21. Rd2 {[%clk 0:50:32]} Rd6 {[%clk 0:09:32]} 22. Rde2 {[%clk 0:46:10]} Ne4
{[%clk 0:05:20]} 23. Bc1 {[%clk 0:29:27]} Bf6 {[%clk 0:03:50]} 24. Kg2 {[%clk
0:24:46]} Rde6 {[%clk 0:02:41]} 25. c4 {[%clk 0:23:57]} Ng5 {[%clk 0:02:42]}
26. Bxg5 {[%clk 0:21:29]} Rxe2 {[%clk 0:02:12]} 27. Rxe2 {[%clk 0:20:16]} Rxe2
{[%clk 0:02:12]} 28. Bxf6 {[%clk 0:19:26]} Re6 {[%clk 0:02:30]} 29. Bc3 {[%clk
0:19:01]} dxc4 {[%clk 0:02:20]} 30. Be4 {[%clk 0:17:43]} Qe8 {[%clk 0:00:49]}
31. Bxb7 {[%clk 0:17:17]} Rd6 {[%clk 0:00:36]} 32. Bd5 {[%clk 0:16:59]} Qd7
{[%clk 0:00:44]} 33. Bxc4 {[%clk 0:16:51]} g6 {[%clk 0:00:37]} 34. Qa8+ {[%clk
0:16:12]} 1-0

[Event "Deutsche Ländermeisterschaft 2022"]
[Site "Wiesbaden GER"]
[Date "2022.10.04"]
[Round "7"]
[White "Hoppstädter, Daniel"]
[Black "Hubert, Charlotte"]
[Result "1-0"]
[Termination "normal"]
[Board "7.4"]
[WhiteElo "1935"]
[BlackElo "1671"]
[WhiteClock "00:36:54"]
[BlackClock "00:25:35"]
[WhiteTeam "Saarland"]
[BlackTeam "Hamburg"]
[PlyCount "103"]
[WhiteFideId "16243625"]
[BlackFideId "16265920"]
[EventCountry "GER"]
[EventRounds "7"]
[EventType "team-swiss"]
[EventDate "2022.09.30"]

1. d4 {[%clk 1:30:57]} Nf6 {[%clk 1:30:50]} 2. Nf3 {[%clk 1:31:19]} e6 {[%clk
1:31:13]} 3. Bg5 {[%clk 1:31:44]} d6 {[%clk 1:31:37]} 4. Nbd2 {[%clk 1:31:18]}
h6 {[%clk 1:31:57]} 5. Bxf6 {[%clk 1:30:07]} Qxf6 {[%clk 1:32:18]} 6. e4 {[%clk
1:29:53]} Nd7 {[%clk 1:29:33]} 7. Bd3 {[%clk 1:29:27]} e5 {[%clk 1:23:48]} 8.
c3 {[%clk 1:17:57]} g6 {[%clk 1:17:46]} 9. Nc4 {[%clk 1:12:48]} Bg7 {[%clk
1:14:11]} 10. Qd2 {[%clk 1:08:22]} a6 {[%clk 1:07:40]} 11. Bc2 {[%clk 1:05:17]}
Qd8 {[%clk 0:50:13]} 12. Rd1 {[%clk 0:58:04]} exd4 {[%clk 0:43:14]} 13. Nxd4
{[%clk 0:57:11]} O-O {[%clk 0:39:05]} 14. O-O {[%clk 0:56:47]} Ne5 {[%clk
0:35:23]} 15. Ne3 {[%clk 0:44:35]} Bd7 {[%clk 0:26:46]} 16. f4 {[%clk 0:44:01]}
Nc6 {[%clk 0:24:36]} 17. Nf3 {[%clk 0:43:48]} Re8 {[%clk 0:21:17]} 18. e5
{[%clk 0:33:32]} Be6 {[%clk 0:15:54]} 19. exd6 {[%clk 0:30:40]} Qxd6 {[%clk
0:14:03]} 20. Qxd6 {[%clk 0:30:04]} cxd6 {[%clk 0:14:27]} 21. Nd5 {[%clk
0:30:11]} Rac8 {[%clk 0:13:39]} 22. a3 {[%clk 0:27:15]} Na5 {[%clk 0:12:18]}
23. Nb6 {[%clk 0:22:15]} Rcd8 {[%clk 0:10:06]} 24. Ba4 {[%clk 0:21:55]} Re7
{[%clk 0:09:06]} 25. Rfe1 {[%clk 0:21:28]} Rc7 {[%clk 0:08:44]} 26. Nd4 {[%clk
0:20:33]} Bxd4+ {[%clk 0:07:36]} 27. Rxd4 {[%clk 0:21:00]} Nc4 {[%clk 0:05:02]}
28. Nxc4 {[%clk 0:20:15]} Rxc4 {[%clk 0:04:52]} 29. Ree4 {[%clk 0:14:14]} Rxd4
{[%clk 0:03:44]} 30. Rxd4 {[%clk 0:14:40]} Kf8 {[%clk 0:03:34]} 31. Kf2 {[%clk
0:12:44]} Ke7 {[%clk 0:03:47]} 32. Ke3 {[%clk 0:12:36]} Rc8 {[%clk 0:03:16]}
33. Bd1 {[%clk 0:11:41]} Rc5 {[%clk 0:02:07]} 34. Bf3 {[%clk 0:11:24]} b5
{[%clk 0:01:27]} 35. Be2 {[%clk 0:09:30]} Bc4 {[%clk 0:01:02]} 36. b4 {[%clk
0:09:05]} Rc7 {[%clk 0:00:50]} 37. Bxc4 {[%clk 0:09:22]} bxc4 {[%clk 0:01:19]}
38. Re4+ {[%clk 0:08:30]} Kd7 {[%clk 0:01:22]} 39. Kd4 {[%clk 0:08:53]} Kc6
{[%clk 0:01:41]} 40. a4 {[%clk 0:09:07]} d5 {[%clk 0:01:19]} 41. Re5 {[%clk
0:08:38]} Rd7 {[%clk 0:27:43]} 42. b5+ {[%clk 0:38:48]} axb5 {[%clk 0:27:46]}
43. axb5+ {[%clk 0:39:16]} Kb6 {[%clk 0:27:37]} 44. Rxd5 {[%clk 0:36:29]} Ra7
{[%clk 0:26:15]} 45. g3 {[%clk 0:36:18]} Ra2 {[%clk 0:25:23]} 46. Kxc4 {[%clk
0:36:27]} Rxh2 {[%clk 0:25:16]} 47. Rd6+ {[%clk 0:36:22]} Kc7 {[%clk 0:25:37]}
48. Kc5 {[%clk 0:36:47]} Rc2 {[%clk 0:25:43]} 49. b6+ {[%clk 0:36:40]} Kb7
{[%clk 0:25:48]} 50. c4 {[%clk 0:36:31]} h5 {[%clk 0:25:38]} 51. Rd7+ {[%clk
0:36:40]} Kc8 {[%clk 0:25:35]} 52. Rxf7 {[%clk 0:36:54]} 1-0